Science and Technology/ (Record no. 200349)

MARC details
000 -LEADER
fixed length control field 00652nam a2200205 4500
005 - DATE AND TIME OF LATEST TRANSACTION
control field 20240124112112.0
010 ## - LCCN (DPL NO)
LC control number ENG-138989
020 ## - INTERNATIONAL STANDARD BOOK NUMBER
International Standard Book Number 9789355322661
Terms of availability 1320.00
035 ## - SYSTEM CONTROL NUMBER
System control number EN-122521
037 ## - SOURCE OF ACQUISITION
Source of stock number/acquisition DBAD/PUB
082 ## - DEWEY DECIMAL CLASSIFICATION NUMBER
Classification number 500
100 ## - MAIN ENTRY--PERSONAL NAME
Personal name Agrahari, Ravi P.
245 ## - TITLE STATEMENT
Title Science and Technology/
Statement of responsibility, etc By Ravi P. Agrahari
250 ## - EDITION STATEMENT
Edition statement 1
260 ## - PUBLICATION, DISTRIBUTION, ETC. (IMPRINT)
Place of publication, distribution, etc Tamil Nadu
Name of publisher, distributor, etc Mcgraw Hill Education Pvt Ltd
Date of publication, distribution, etc 2022
270 ## - ADDRESS
Address Anjana Complex No: 5/90 A, Butt Road, St Thomas Mount
City Tamil Nadu
Postal code 600016
300 ## - PHYSICAL DESCRIPTION
Extent vpp.
Dimensions 24cm(pbk)
500 ## - GENERAL NOTE
General note For Civil Services Preliminary and Main Examination
942 ## - ADDED ENTRY ELEMENTS (KOHA)
Source of classification or shelving scheme Dewey Decimal Classification
Item type English Books
Classification part 500
Call number suffix AGR
Holdings
Withdrawn status Lost status Not for loan Collection code Home library Current library Date acquired Source of acquisition Cost, normal purchase price Full call number Barcode Copy number Cost, replacement price Koha item type
      Non-fiction Peshwa Road Peshwa Road 24/01/2024 DBAD/PUB 1320.00 500 AGR EN-122521 1 1320.00 English Books

© Delhi Public Library
Hit Counter
free hit counter